Las Instituciones de Justiniano en Nueva España.
Bewaard in:
| Hoofdauteur: | |
|---|---|
| Formaat: | Boek |
| Gepubliceerd in: |
México, D.F., México:
Universidad Nacional Autónoma de México,
2001.
|
| Editie: | Primera edición |
| Reeks: | Cuadernos del Instituto de Investigaciones Filológicas
|
| Onderwerpen: | |
| Tags: |
Voeg label toe
Geen labels, Wees de eerste die dit record labelt!
|
MARC
| LEADER | 00000nam a22000007a 4500 | ||
|---|---|---|---|
| 003 | CL-VaPUC | ||
| 005 | 20220822114747.0 | ||
| 008 | 220729t2001 ||||| |||| 00| 0 eng d | ||
| 999 | |c 437761 |d 437759 | ||
| 020 | |a 968-36-8772-5 | ||
| 040 | |c Pontificia Universidad Católica de Valparaíso | ||
| 082 | 7 | |a 349.72 VAR 2001 |2 22 | |
| 100 | 1 | |a Vargas Valencia, Aurelia |e autora |9 874355 | |
| 245 | |a Las Instituciones de Justiniano en Nueva España. | ||
| 250 | |a Primera edición | ||
| 260 | |a México, D.F., México: |b Universidad Nacional Autónoma de México, |c 2001. | ||
| 300 | |a 148 páginas. | ||
| 490 | |a Cuadernos del Instituto de Investigaciones Filológicas |n 25. | ||
| 500 | |a c.1 Donación Familia Prof. Alejandro Guzmán Brito. | ||
| 583 | |c 20220729 |k Catalogador Asistente | ||
| 650 | |a Derecho |z México |x Historia |9 871261 | ||
| 650 | |a Derecho romano |9 874391 | ||
| 942 | |2 ddc |c BK |n 0 | ||
| 952 | |0 0 |1 0 |2 ddc |4 0 |6 349_720000000000000_VAR_2001 |7 0 |8 C_AGB |9 585562 |a BIBDER |b BIBDER |d 2022-07-29 |e Donación |i 5653611 |o 349.72 VAR 2001 |p 5653611 |r 2023-01-25 |t 1 |w 2022-07-29 |y BK_US |k AGB | ||